| 000 | 00628nam a2200229 a 4500 | ||
|---|---|---|---|
| 999 |
_c3739 _d3739 |
||
| 001 | 20226 | ||
| 003 | BD-DhUAP | ||
| 005 | 20200311125435.0 | ||
| 008 | 200311s2005 nyu b 000 0 eng | ||
| 010 | _a 2003269462 | ||
| 020 | _a0393924289 | ||
| 040 |
_aBD-DhUAP _cBD-DhUAP _dBD-DhUAP _bEng |
||
| 082 | 0 | 4 |
_a821.4 MIL _223 |
| 100 | 1 | _aMilton, John. | |
| 245 | 1 | 0 |
_aParadise lost / _cJohn Milton ; edited by Gordon Teskey. |
| 260 |
_aNew York : _bW. W. Norton & company, _cc2005. |
||
| 300 |
_axxvii, 591 pages ; _c20 cm. |
||
| 650 | 0 | _aEnglish Poetry. | |
| 700 | _aTeskey, Gordon. | ||
| 942 |
_2ddc _cBK |
||